| 000 | 00443cam a22001097a 4500 | ||
|---|---|---|---|
| 008 | 180718b1980 xxu||||| |||| 00| 0 eng d | ||
| 082 | _aO14x5467 N131ev | ||
| 245 |
_aEvaluation report on primary health centres in Nagaland _cby Evaluation Organisation (Planning and Co-ordination Department |
||
| 260 |
_aDimapur _bMahabir Printing Press _c1980 |
||
| 300 | _a57p. | ||
| 700 | _aNagaland.Evaluation Organisation (Planning and Co-ordination Department | ||
| 999 |
_c494079 _d494079 |
||